| 000 | 00703nam a2200229Ia 4500 | ||
|---|---|---|---|
| 003 | OSt | ||
| 005 | 20220622181600.0 | ||
| 008 | 210716s2009 xx 000 0 und d | ||
| 020 | _a9789332585225 | ||
| 040 | _cAIMIT LIBRARY | ||
| 041 | _aeng | ||
| 082 |
_a005.82 _27 _bSTAW |
||
| 100 |
_aStallings, William. _944588 |
||
| 245 |
_aCryptography and network security : _bPrinciples and practice / _cBy William Stallings |
||
| 250 | _a7th ed. | ||
| 260 |
_aNew Delhi : _bPearson Education , _c2018. |
||
| 300 |
_a766p ; _bPB _c23 cm. |
||
| 650 |
_aSymmetric Ciphers _944589 |
||
| 650 |
_aNetwork and Internet Security _944590 |
||
| 650 |
_aSystem Security _944591 |
||
| 942 |
_2ddc _cBK _e7th _k005.82 STAW |
||
| 999 |
_c196333 _d196333 |
||